000 01714 a2200205 4500
001 59655
005 20260407155850.0
008 260407a1966 arg spa d
003 AR-UNSa-BCEJYS
040 _aAR-UNSa-BCEJYS
_bspa
_cAR-UNSa-BCEJYS
080 _a330.34
_xDesarrollo Económico
245 1 0 _aNueva politica comercial para el desarrollo
250 _a2a. ed.
264 1 _aMéxico :
_bFondo de Cultura Económica
_c1966
300 _a148 p.
_c21 cm.
505 _aPrimera Parte: Planteamiento del problema del comercio internacional y el desarrollo: 1. El orden de cosas en la economía internacional - 2. Las exportaciones primarias y el deterioro de la relación de precios - 3. La industrialización y la necesidad de exportar manufacturas - 4. El GATT y los países en desarrollo - Segunda Parte: Posibles soluciones y aspectos institucionales: 1. Exportaciones de productos primarios - 2. Las exportaciones industriales de los países en desarrollo y las preferencias - 3. La aportación de recursos internacionales a los países en desarrollo - 4. Comercio entre los países socialistas y el resto del mundo, especialmente con los países en desarrollo - 5. El mecanismo institucional del comercio mundial y desarrollo - Tercera Parte: Realismo y renovación: 1. La estrangulación exterior del desarrollo - 2. El potencial de los grandes países frente a los requerimientos del desarrollo - 3. La responsabilidad de los países en desarrollo - 4. El concierto de medidas comerciales - 5. Carácter y adaptabilidad de la política de cooperación internacional - 6. Nuevos problemas y nuevas actitudes
942 _cBK
590 _aniveau_biblio:m niveau_hierar:0
100 1 _aPrebisch, Raúl
999 _c6775
_d6775